000 00481nam a2200205Ia 4500
005 20250425162211.0
008 250425s9999 xx 000 0 und d
041 _aeng
082 _a338.0973
245 0 _aFORBES GREATEST BUSINESS STORIES OF ALL TIME
250 _aS.E.
260 _aEstados Unidos
_bJOHN WILEY &SONS
260 _aNEW YORK
300 _a362
650 _aEMPRENDEDORES
650 _aHISTORIA
650 _aNEGOCIOS
942 _c01
010 _a55684
999 _c224385
_d224385